| 000 | 00573nam a2200205Ia 4500 | ||
|---|---|---|---|
| 008 | 120910t2004 xxu||||| |||| 00| 0 sin d | ||
| 041 | _asin | ||
| 080 |
_a8-31 (American) _bBUC |
||
| 100 | _aBuck,Pearls.S | ||
| 245 | _aසාර භූමි | ||
| 246 | _aSara Bhumi | ||
| 260 |
_aGunasena _aColombo _c2004 |
||
| 300 | _b337p, ill, 18 cm | ||
| 500 | _aSinhalese Translation Of Pearls.S Buck's of Good Earth | ||
| 700 | _aHemaloka Himi,Urapola | ||
| 700 |
_aWijayawardhana,Hemapala _etr. |
||
| 942 | _cBK | ||
| 999 |
_c40869 _d40869 |
||
| 003 | LK-CoDNM | ||
| 040 |
_aLK-CoDNM _dLK-CoDNM _eLK-CoDNM |
||